000 00493nmm a2200157Ia 4500
008 251105s9999||||xx |||||||||||||||||und||
041 _aspa
100 _aCebrián Carrasco, Juan Miguel
245 0 _aPhotoshop básico CS6
264 _a[Madrid, España] :
_bMinisterio de Educación, Cultura y Deporte de España,
_c2013
300 _a226 páginas
490 _aAula Mentor
650 _aTechnology and computing
856 _uhttps://public.digitaliapublishing.com/a/27735
942 _cCF
999 _c98427
_d98427